000
00247 a2200085 4500
020
_a
978-1928643043
100
_a
White T. Edward
245
_a
Site Analysis : Diagramming Information for Architectural Design
260
_b
Architectural Media Ltd
_c
2016
999
_c
11239
_d
11239